000 00311nam a22001457a 4500
008 210303b ||||| |||| 00| 0 eng d
020 _a9780321671790
041 _aeng
080 _211th
_a510
082 _a573
100 _a36
101 _aMAT
245 _aCollege Algebra
_cLial, M. L
942 _2udc
_cBK
999 _c55699
_d55699